| 000 | 00459cam a2200181ua 4500 | ||
|---|---|---|---|
| 001 | 1822 | ||
| 008 | 110811n ii |||gr||||Z||||||eng | ||
| 040 | _cMAIN | ||
| 082 | _a370.1 | ||
| 100 |
_aRafiuddin, Mohammad, _eAuthor. |
||
| 245 | 1 |
_aPrinciples of education _cby Mohammad Rafiuddin |
|
| 250 | _a1st. | ||
| 260 |
_aNew Delhi: _bCosmo publication,992. |
||
| 300 |
_a308p: _c23cm. |
||
| 653 | _aEducation | ||
| 653 | _aPrinciples of education | ||
| 942 | _cBK | ||
| 999 |
_c1706 _d1706 |
||